00360nam a2200121 a 450000500170000000800410001702000150005805000290007310000230010224500400012526000510016530000220021620140310183322.0060302s19uu xx 00 eng d a0425162516 aPS 3553.O692b.C821 1997 aCornwell, Patricia aHornet's nest /cPatricia Cornwell. aNew York :bCornwell Enterprises, Inc,c1997. a369 p. :c17 cm.